000 00797nam a2200289Ia 4500
003 OSt
005 20221006160546.0
006 a|||||r|||| 00| 0
007 ta
008 221006b |||||||| |||| 00| 0 eng d
020 _a9788988095386
_cW20,000
024 _a45,486
037 _cTextual
040 _aEASL
_cEASL
_beng
041 _2eng
_aeng
082 _aW.495.PO7, P8
100 _aKOREA HERALD Ed.
_9666002
245 0 _aPolitical change in Korea
260 _aSeoul
_bJimoondang
_c2008
300 _a340p.
_ccm.
490 _v KEL
_aInsight into korea series Vol.3
650 _a Election culture
_9674109
650 _a KEL
650 _aPoltical culture
_9674110
942 _hW.495.PO7, P8
_cTEXL
_2CC
999 _c1113578
_d1113578